000 00409nam a2200169Ia 4500
008 230516s9999 xx 000 0 und d
041 _aeng
082 _a621.015
_bALA
100 _aGOWENLOCK ALAN
245 _aVARELY'S PRACTICAL CLINICAL BIOCHEMISTRY
260 _bC.B.S. PUBLISHERS & DISTRUTORS
_c1996
300 _a1025
365 _h20
500 _aPB
520 _aBCP
650 _aBIOCHEMISTRY
999 _c363194
_d363194